000 00474nam a2200157 i 4500
001 49780
003 ES-MaACL
005 20230906162049.0
007 t|
008 030723s1924 fr ||||1| fre d
100 1 _aCoutagne, Aimé.
_941317
245 1 3 _aLa Fabrication des ferro-alliages, fontes électriques et métaux spéciaux /
_cpar Aimé Coutagne.
260 _aParis :
_bJ.B. Baillière et Fils,
_c1924.
300 _a650 p. ;
_c23 cm.
852 _aES-MaACL
_jB-12184
999 _c49780
_d49780